Understanding Computers:Today and Tomorrow (Record no. 298744)
[ view plain ]
| 000 -LEADER | |
|---|---|
| fixed length control field | 00268 a2200121 4500 |
| 001 - CONTROL NUMBER | |
| control field | 63671 |
| 082 ## - DEWEY DECIMAL CLASSIFICATION NUMBER | |
| Classification number | 004MOR |
| 090 ## - LOCALLY ASSIGNED LC-TYPE CALL NUMBER (OCLC); LOCAL CALL NUMBER (RLIN) | |
| -- | 37670 |
| -- | 37670 |
| 100 ## - MAIN ENTRY--PERSONAL NAME | |
| Personal name | Morley,D |
| 245 ## - TITLE STATEMENT | |
| Title | Understanding Computers:Today and Tomorrow |
| 250 ## - EDITION STATEMENT | |
| Edition statement | 10 |
| 260 ## - PUBLICATION, DISTRIBUTION, ETC. | |
| Name of publisher, distributor, etc. | Thomson course Tech |
| 942 ## - ADDED ENTRY ELEMENTS (KOHA) | |
| Institution code [OBSOLETE] | NUST-CAE |
| Call number prefix | 004MOR |
| Withdrawn status | Lost status | Damaged status | Not for loan | Collection code | Permanent Location | Current Location | Date acquired | Total Checkouts | Full call number | Barcode | Date last seen | Price effective from | Koha item type |
|---|---|---|---|---|---|---|---|---|---|---|---|---|---|
| College of Aeronautical Engineering (CAE) | College of Aeronautical Engineering (CAE) | 04/03/2017 | 004MOR | CAEN-3111 | 04/05/2017 | 04/05/2017 | Book |
